000 00303nam a22001337a 4500
008 171004b xxu||||| |||| 00| 0 eng d
020 _a9781882926954
041 _aeng
080 _a159.9
100 _a48
101 _aPSI
245 _aA STUDENT GUIDE PSYCHOLOGY
_cROBINSON.D.N
942 _2udc
_cBK
999 _c31629
_d31629